| 000 | 01020nam0a22002891 4500 | ||
|---|---|---|---|
| 001 | v19\rc\1492954 | ||
| 005 | 20250618160014.0 | ||
| 035 | _a(NLR Aleph) 004622084 | ||
| 090 |
_a3054148 _c3054148 |
||
| 100 | _a20060620d1881 |||y0rusy50 ca | ||
| 101 | 1 |
_arus _cger |
|
| 102 | _aRU | ||
| 105 | _ay z ||||| | ||
| 200 | 1 |
_aЛечение важнейших желудочно-кишечных расстройств у грудных детей _eДля практ. врачей _fDr. Otto Soltmann _gПер. с нем. вр. Шабановой |
|
| 210 |
_aСанкт-Петербург _cтип. А.С. Суворина _d1881 |
||
| 215 |
_a32 с. _d22 |
||
| 700 | 1 |
_aЗольтман _bО. _gОтто |
|
| 702 | 1 |
_aШабанова _bА.Н. _gАнна Николаевна _4730 |
|
| 801 | 0 |
_aRU _bNLR _gpsbo |
|
| 801 | 0 |
_aRU _bRuMoRGB _2psbo |
|
| 801 | 1 |
_aRU _bProSoft-M _2rusmarc |
|
| 852 |
_aNLR _j18.158.3.97 |
||
| 852 |
_aNLR _j37.59.6.259 |
||
| 899 |
_aRuMoRGB _jT 27/46 |
||
| 899 | _aБАН | ||
| 942 | _cBOOK | ||
| 980 | _aNB | ||